[Event "DC International 2014"]
[Site "Arlington, VA"]
[Date "2014.06.27"]
[Round "3.3"]
[White "Paragua, Mark"]
[Black "Burnett, Ronald"]
[Result "1-0"]
[WhiteElo "2510"]
[BlackElo "2345"]
[PlyCount "75"]
[EventDate "2014.06.??"]
[EventType "swiss"]
[EventRounds "9"]
[EventCountry "USA"]
[WhiteClock "0:11:18"]
[BlackClock "0:03:52"]

1. d4 Nf6 2. Bg5 e6 3. e4 h6 4. Bxf6 Qxf6 5. c3 d6 6. Bd3 Nc6 7. Ne2 e5 8. O-O
g6 9. Bb5 Bd7 10. d5 Nb8 11. Qb3 Be7 12. f4 O-O 13. Nd2 c6 14. Bd3 Na6 15. Qd1
cxd5 16. exd5 exf4 17. Nxf4 Qg7 18. Bxa6 bxa6 19. Qe2 Bd8 20. Qxa6 Rb8 21. Qxd6
Bb5 22. Rfe1 Bg5 23. g3 Rfd8 24. Qc5 Bxf4 25. gxf4 Qf6 26. Re4 Bd3 27. Qd4 Qf5
28. Re5 Qg4+ 29. Kh1 Bf5 30. Rg1 Qh3 31. Rg3 Qh5 32. Ne4 Kf8 33. Nf6 Qh4 34.
Rxf5 Rxb2 35. Nh7+ Kg8 36. Rxg6+ fxg6 37. Nf6+ Kf8 38. Qc5+ 1-0

[Event "DC International 2014"]
[Site "Arlington, VA"]
[Date "2014.06.27"]
[Round "3.4"]
[White "Ippolito, Dean"]
[Black "Kore, Akshayraj"]
[Result "0-1"]
[WhiteElo "2430"]
[BlackElo "2482"]
[PlyCount "92"]
[EventDate "2014.06.??"]
[EventType "swiss"]
[EventRounds "9"]
[EventCountry "USA"]
[WhiteClock "0:15:28"]
[BlackClock "0:30:26"]

1. d4 Nf6 2. c4 e6 3. Nc3 Bb4 4. Qc2 O-O 5. a3 Bxc3+ 6. Qxc3 d6 7. g3 Qe7 8.
Bg2 e5 9. dxe5 dxe5 10. Nf3 Re8 11. O-O a5 12. b3 c6 13. Bb2 Nbd7 14. Rad1 h6
15. h3 Qe6 16. g4 Qe7 17. Kh1 Ra6 18. Qc2 Nh7 19. Rd2 c5 20. Qc3 Nhf8 21. Rfd1
Ng6 22. e3 a4 23. b4 Re6 24. bxc5 Nxc5 25. Ng1 Rf6 26. Bd5 Nh4 27. f3 Rb6 28.
f4 Ng6 29. fxe5 Rb3 30. Qd4 Ne6 31. Qe4 Qh4 32. Kg2 Qg5 33. Nf3 Qxe3 34. Qxe3
Rxe3 35. Kf2 Rb3 36. c5 Rb5 37. c6 Ngf4 38. Be4 Nc5 39. Ke3 Rb3+ 40. Kxf4 g5+
41. Kg3 Nxe4+ 42. Kg2 Nxd2 43. Rxd2 bxc6 44. Nd4 Rb6 45. Ne2 Be6 46. Kf2 Reb8
0-1

[Event "DC International 2014"]
[Site "Arlington, VA"]
[Date "2014.06.27"]
[Round "3"]
[White "Neimer, Vitaly"]
[Black "Kannappan, Priyadharshan"]
[Result "0-1"]
[WhiteElo "2375"]
[BlackElo "2443"]
[PlyCount "80"]
[EventDate "2014.06.??"]
[EventType "swiss"]
[EventRounds "9"]
[EventCountry "USA"]

1. e4 g6 2. d4 Bg7 3. Nc3 d5 4. exd5 Nf6 5. Bc4 Nbd7 6. Nf3 O-O 7. O-O Nb6 8.
Bb3 a5 9. a3 Bf5 10. Re1 a4 11. Ba2 Nbxd5 12. Nxd5 Nxd5 13. c4 Nf6 14. h3 c6
15. Bd2 c5 16. d5 Ne4 17. Bc1 Nd6 18. Bg5 Re8 19. g4 Bd7 20. Re2 f5 21. gxf5
Bxf5 22. Kh2 Qd7 23. Ne5 Bxe5+ 24. Rxe5 Nf7 25. f4 Bxh3 26. Qd3 Nxe5 27. fxe5
Qf5 28. Qxf5 Bxf5 29. Bb1 h6 30. Bxh6 Kf7 31. e6+ Kf6 32. Bd2 Rh8+ 33. Kg2 Rh4
34. Bc3+ Kg5 35. Bxf5 gxf5 36. Kf3 Rxc4 37. Rg1+ Rg4 38. Bd2+ Kg6 39. Rxg4+
fxg4+ 40. Ke4 g3 0-1

[Event "DC International 2014"]
[Site "Arlington, VA"]
[Date "2014.06.27"]
[Round "3"]
[White "Vibbert, Sean"]
[Black "Perez, Yuniesky"]
[Result "0-1"]
[WhiteElo "2316"]
[BlackElo "2642"]
[PlyCount "122"]
[EventDate "2014.06.??"]
[EventType "swiss"]
[EventRounds "9"]
[EventCountry "USA"]

1. e4 c5 2. Nc3 Nc6 3. g3 g6 4. Bg2 Bg7 5. d3 d6 6. Be3 e5 7. Qd2 Be6 8. f4
Nge7 9. Nf3 Nd4 10. O-O O-O 11. fxe5 dxe5 12. Ng5 Bg4 13. h3 Bd7 14. Nd5 Nxd5
15. exd5 b6 16. d6 f6 17. Bd5+ Kh8 18. Bxd4 cxd4 19. Qg2 Rc8 20. Nf7+ Rxf7 21.
Bxf7 Qf8 22. Bd5 Qxd6 23. g4 Bh6 24. Rae1 Be3+ 25. Kh1 Bf4 26. Re2 Rc5 27. Bb7
Kg7 28. Qe4 g5 29. Qg2 Be6 30. Be4 Qd7 31. Qf3 Rc8 32. Kg2 Rc7 33. b3 Rc5 34.
a4 Qc8 35. Rff2 h5 36. Bf5 Bxf5 37. gxf5 Kh6 38. b4 Rc7 39. Qe4 Be3 40. c4 Bxf2
41. Rxf2 Qd7 42. Ra2 a5 43. b5 Rc8 44. Rb2 g4 45. h4 Kg7 46. Kg3 Rc5 47. Rb1
Qc8 48. Rb2 Kf7 49. Re2 Ke7 50. Qxd4 Qxf5 51. Qe3 Qd7 52. d4 Rxc4 53. dxe5 Qc7
54. Qh6 Rc3+ 55. Kg2 Qb7+ 56. Kg1 Rg3+ 57. Kf2 Qg2+ 58. Ke1 Qg1+ 59. Kd2 Qd4+
60. Kc1 Qc3+ 61. Kb1 Rg1+ 0-1

[Event "DC International 2014"]
[Site "Arlington, VA"]
[Date "2014.06.27"]
[Round "3"]
[White "Shetty, Atulya"]
[Black "Barbosa, Oliver"]
[Result "0-1"]
[WhiteElo "2302"]
[BlackElo "2592"]
[PlyCount "74"]
[EventDate "2014.06.??"]
[EventType "swiss"]
[EventRounds "9"]
[EventCountry "USA"]

1. c4 g6 2. g3 Bg7 3. Bg2 c5 4. Nc3 Nc6 5. Nf3 Nf6 6. d4 O-O 7. O-O d6 8. dxc5
dxc5 9. Be3 Be6 10. Qa4 Nd7 11. Ng5 Bg4 12. Rfd1 Nd4 13. Bxb7 Rb8 14. Bf3 Bf5
15. Bxd4 cxd4 16. Nb5 e5 17. Ne4 Bxe4 18. Bxe4 Nc5 19. Qc2 Nxe4 20. Qxe4 a6 21.
Nc3 Rxb2 22. Rac1 Qa5 23. Nd5 Qxa2 24. e3 f5 25. Qg2 dxe3 26. Nxe3 f4 27. Qd5+
Kh8 28. Ra1 Qb3 29. Rd3 Qb4 30. Ng4 e4 31. Qxe4 fxg3 32. hxg3 Rc2 33. Rxa6 Rxc4
34. Qe2 Rxg4 35. Rd7 Re4 36. Qc2 Qe1+ 37. Kg2 Re2 0-1

[Event "DC International 2014"]
[Site "Arlington, VA"]
[Date "2014.06.27"]
[Round "3"]
[White "Balasubramanian, Adithya"]
[Black "Vidal, Yuri"]
[Result "0-1"]
[WhiteElo "2320"]
[BlackElo "2557"]
[PlyCount "64"]
[EventDate "2014.06.??"]
[EventType "swiss"]
[EventRounds "9"]
[EventCountry "USA"]

1. Nf3 c5 2. g3 Nc6 3. Bg2 g6 4. O-O Bg7 5. e4 e5 6. d3 Nge7 7. c3 O-O 8. a3 h6
9. b4 d6 10. Bb2 f5 11. exf5 gxf5 12. Re1 Ng6 13. b5 Nce7 14. h4 Rf7 15. h5 Nf8
16. c4 Nh7 17. Nc3 Nf6 18. Nh4 Rf8 19. a4 Qe8 20. a5 Rb8 21. Bf3 Be6 22. Kg2
Qf7 23. Rh1 e4 24. Be2 Rbd8 25. Qd2 d5 26. cxd5 Nfxd5 27. Na4 f4 28. Bxg7 fxg3
29. Raf1 Nf4+ 30. Kxg3 Nxe2+ 31. Qxe2 Qf4+ 32. Kg2 Qg5+ 0-1

[Event "DC International 2014"]
[Site "Arlington, VA"]
[Date "2014.06.27"]
[Round "3"]
[White "Panchevski, Filip"]
[Black "Sapozhnikov, Roman"]
[Result "0-1"]
[WhiteElo "2476"]
[BlackElo "2298"]
[PlyCount "110"]
[EventDate "2014.06.??"]
[EventType "swiss"]
[EventRounds "9"]
[EventCountry "USA"]

1. e4 e5 2. Nf3 Nc6 3. Bb5 a6 4. Ba4 Nf6 5. d3 b5 6. Bb3 Bc5 7. O-O h6 8. Nc3
d6 9. a4 Rb8 10. axb5 axb5 11. Be3 Bxe3 12. fxe3 Be6 13. Bxe6 fxe6 14. Ne2 O-O
15. Ng3 Ra8 16. Qd2 Rxa1 17. Rxa1 Qb8 18. h3 Qb6 19. Kh2 b4 20. d4 Qb5 21. Qd3
Rb8 22. Nf1 Na5 23. N1d2 exd4 24. Nxd4 Qe5+ 25. Kh1 Rf8 26. N2f3 Qh5 27. Nxe6
Re8 28. Nxc7 Rxe4 29. Nd2 Re5 30. Qxd6 Rxe3 31. Ne6 Kh7 32. Nf4 Qf5 33. Rf1
Qxc2 34. Qxb4 Nc6 35. Qd6 Ne5 36. Ne6 Nh5 37. Kh2 Ng3 38. Qe7 Nh5 39. Rf2 Qxb2
40. g4 Qb8 41. Kg1 Rg3+ 42. Rg2 Qb6+ 43. Qc5 Rxg2+ 44. Kxg2 Nf4+ 45. Kg3 Qxe6
46. Qe3 Nfd3 47. Qe4+ Qg6 48. Qd4 Qc6 49. Qe3 Qd6 50. Ne4 Qc7 51. Kg2 Ng6 52.
Kf1 Qc4 53. Kg2 Ngf4+ 54. Kg3 Qc7 55. Kf3 Qc2 0-1

[Event "DC International 2014"]
[Site "Arlington, VA"]
[Date "2014.06.27"]
[Round "3"]
[White "Gorovets, Andrey"]
[Black "Wheeler, Cameron"]
[Result "1-0"]
[WhiteElo "2446"]
[BlackElo "2242"]
[PlyCount "127"]
[EventDate "2014.06.??"]
[EventType "swiss"]
[EventRounds "9"]
[EventCountry "USA"]

1. d4 d5 2. c4 c6 3. cxd5 cxd5 4. Nc3 Nc6 5. Bf4 Nf6 6. e3 Bf5 7. Qb3 Na5 8.
Qa4+ Bd7 9. Qc2 Rc8 10. Bd3 e6 11. a3 Nc4 12. Nf3 Qa5 13. Bxc4 Rxc4 14. Ne5 Rc8
15. O-O Ne4 16. Nxd7 Kxd7 17. Qb3 b6 18. Nxe4 dxe4 19. d5 exd5 20. Rad1 Rc5 21.
Rd4 Qb5 22. Qd1 Ke6 23. f3 f5 24. b4 Rc3 25. fxe4 dxe4 26. Rd6+ Bxd6 27. Qxd6+
Kf7 28. Be5 Qc6 29. Qd1 Rc2 30. Rxf5+ Ke8 31. Qg4 g6 32. Bxh8 gxf5 33. Qg8+ Kd7
34. Qxh7+ Ke6 35. Qg6+ Kd5 36. Qxf5+ Kc4 37. Bd4 Rc1+ 38. Kf2 Kd3 39. Kg3 Re1
40. h4 Qc7+ 41. Qf4 Qc1 42. Qd6 Ke2 43. Kf4 Rh1 44. Kg5 Qc4 45. h5 Qb5+ 46. Be5
Qd3 47. Bd4 Qb5+ 48. Be5 Qd3 49. h6 Qxd6 50. Bxd6 Kxe3 51. Bg3 Kd2 52. Kg6 Ke2
53. h7 e3 54. Be5 Kf2 55. h8=Q Rxh8 56. Bxh8 Kxg2 57. Kf5 Kf3 58. Bc3 Ke2 59.
Ke4 Kd1 60. Kd3 b5 61. Kxe3 Kc2 62. Kd4 a6 63. Be1 Kb3 64. Kc5 1-0

[Event "DC International 2014"]
[Site "Arlington, VA"]
[Date "2014.06.27"]
[Round "3"]
[White "Dixon, Dakota"]
[Black "Cheng, Bindi"]
[Result "1/2-1/2"]
[WhiteElo "2055"]
[BlackElo "2410"]
[PlyCount "62"]
[EventDate "2014.06.??"]
[EventType "swiss"]
[EventRounds "9"]
[EventCountry "USA"]

1. d4 g6 2. c4 Bg7 3. Nc3 d6 4. Nf3 Bg4 5. e3 Nf6 6. h3 Bf5 7. Bd3 Bxd3 8. Qxd3
O-O 9. O-O d5 10. Rd1 c6 11. e4 dxe4 12. Nxe4 Nxe4 13. Qxe4 Nd7 14. Re1 Re8 15.
Bf4 Qa5 16. Bd2 Qa6 17. Qc2 e5 18. dxe5 Nxe5 19. Nxe5 Bxe5 20. Qb3 Bd4 21.
Rxe8+ Rxe8 22. Re1 Rxe1+ 23. Bxe1 c5 24. Bc3 Bxc3 25. bxc3 b6 26. Qb5 Qc8 27.
Qa4 Qe6 28. Qxa7 Qxc4 29. Qb8+ Kg7 30. Qe5+ Kg8 31. Qe8+ Kg7 1/2-1/2

[Event "DC International 2014"]
[Site "Arlington, VA"]
[Date "2014.06.27"]
[Round "3"]
[White "Sheng, Joshua"]
[Black "Li, Ruifeng"]
[Result "1-0"]
[WhiteElo "2050"]
[BlackElo "2305"]
[PlyCount "126"]
[EventDate "2014.06.??"]
[EventType "swiss"]
[EventRounds "9"]
[EventCountry "USA"]

1. e4 c5 2. Nf3 d6 3. d4 cxd4 4. Nxd4 Nf6 5. Nc3 a6 6. Bc4 b5 7. Bb3 e6 8. O-O
Qc7 9. Qf3 Nbd7 10. Bg5 Be7 11. Qg3 Ne5 12. a3 O-O 13. Kh1 Nc4 14. Bxc4 Qxc4
15. Rad1 Bb7 16. f4 Kh8 17. Qh4 Rae8 18. f5 Bc8 19. Rd3 exf5 20. b3 Qc7 21.
Nxf5 Bxf5 22. exf5 Ng8 23. Rh3 h6 24. f6 Bxf6 25. Rxf6 Re6 26. Rf1 Qc5 27. Bc1
Rfe8 28. Rhf3 f6 29. h3 Re5 30. Rd3 Rh5 31. Qd4 Qc6 32. Bf4 d5 33. Kh2 Qc8 34.
Rf2 Ne7 35. Re2 Nc6 36. Qc5 Rxe2 37. Nxe2 Qe6 38. Ng3 Rh4 39. Bd6 Ne5 40. Bxe5
Qxe5 41. Rxd5 Qb8 42. Qe7 Qf4 43. Rd7 Qg5 44. Qf8+ Kh7 45. Rxg7+ Qxg7 46. Qxg7+
Kxg7 47. Nf5+ Kf7 48. Nxh4 Ke6 49. c4 bxc4 50. bxc4 Kd6 51. Nf3 Kc5 52. Nd2 Kd4
53. Kg3 a5 54. Kf4 a4 55. Kf5 Kc3 56. c5 Kxd2 57. c6 Kc3 58. c7 Kb3 59. c8=Q
Kxa3 60. Qb7 Ka2 61. Ke4 a3 62. Kd3 Ka1 63. Kc2 a2 1-0

[Event "DC International 2014"]
[Site "Arlington, VA"]
[Date "2014.06.27"]
[Round "3"]
[White "Ghatti, Sanjay"]
[Black "Gulamali, Kazim"]
[Result "0-1"]
[WhiteElo "2038"]
[BlackElo "2300"]
[PlyCount "64"]
[EventDate "2014.06.??"]
[EventType "swiss"]
[EventRounds "9"]
[EventCountry "USA"]

1. e4 g6 2. d4 Bg7 3. Nc3 d6 4. Be3 c6 5. Bc4 b5 6. Bb3 b4 7. Nb1 Nf6 8. f3
Nbd7 9. a3 bxa3 10. Nxa3 O-O 11. Ne2 a5 12. Qd2 Ba6 13. Nc3 Rb8 14. O-O-O Qc7
15. h4 c5 16. h5 c4 17. Ba4 Qb7 18. Bb5 Rfc8 19. Bh6 Bh8 20. Qg5 e5 21. dxe5
Bxb5 22. Naxb5 dxe5 23. Rd6 Rc5 24. hxg6 fxg6 25. Qh4 Rxb5 26. Qh3 Nf8 27. Bxf8
Kxf8 28. Nxb5 Qxb5 29. Qe6 Qxb2+ 30. Kd2 Qb4+ 31. Ke2 Re8 32. Qh3 Qxd6 0-1

[Event "DC International 2014"]
[Site "Arlington, VA"]
[Date "2014.06.27"]
[Round "3"]
[White "Hua, David"]
[Black "Nieto, Manuel"]
[Result "1-0"]
[WhiteElo "2272"]
[BlackElo "2057"]
[PlyCount "89"]
[EventDate "2014.06.??"]
[EventType "swiss"]
[EventRounds "9"]
[EventCountry "USA"]

1. d4 Nf6 2. c4 e6 3. Nf3 Bb4+ 4. Bd2 Qe7 5. g3 Nc6 6. Nc3 Bxc3 7. Bxc3 Ne4 8.
Qc2 Nxc3 9. Qxc3 Qb4 10. Rc1 b6 11. Bg2 Bb7 12. O-O Qxc3 13. Rxc3 O-O-O 14. a3
Rhe8 15. e3 a5 16. Rfc1 h6 17. d5 Ne7 18. Ne5 Rf8 19. c5 f6 20. d6 Nd5 21. Bxd5
fxe5 22. dxc7 Kxc7 23. cxb6+ Kb8 24. Bxb7 Kxb7 25. Rc5 Kxb6 26. Rxe5 Rc8 27.
Rxc8 Rxc8 28. a4 Rc5 29. Re4 Rc1+ 30. Kg2 Rb1 31. Rg4 g5 32. h4 Rxb2 33. hxg5
hxg5 34. Rxg5 Rb4 35. g4 Rxa4 36. Rg8 Rc4 37. g5 a4 38. Kf3 Rc7 39. g6 a3 40.
g7 a2 41. Ra8 Ra7 42. g8=Q a1=Q 43. Qb8+ Kc6 44. Rxa7 Qh1+ 45. Ke2 1-0

[Event "DC International 2014"]
[Site "Arlington, VA"]
[Date "2014.06.27"]
[Round "3"]
[White "Wang, Qibiao"]
[Black "Nieto, Guillermo"]
[Result "1-0"]
[WhiteElo "2164"]
[BlackElo "1982"]
[PlyCount "55"]
[EventDate "2014.06.??"]
[EventType "swiss"]
[EventRounds "9"]
[EventCountry "USA"]

1. e4 c5 2. Nf3 Nc6 3. Bb5 g6 4. O-O Bg7 5. Bxc6 bxc6 6. d3 Nf6 7. Nc3 O-O 8.
Be3 Qa5 9. h3 d5 10. e5 Nd7 11. Bf4 Qb4 12. Qc1 e6 13. a3 Qb8 14. Re1 a5 15. h4
h5 16. b3 Ba6 17. Rb1 Qc7 18. Na4 Rfb8 19. c4 Rb7 20. Qe3 Rab8 21. Nd2 d4 22.
Qe4 Kh7 23. g4 hxg4 24. h5 Bh6 25. Bxh6 Kxh6 26. Qf4+ Kg7 27. h6+ Kg8 28. Nxc5
1-0

[Event "DC International 2014"]
[Site "Arlington, VA"]
[Date "2014.06.27"]
[Round "3"]
[White "Leon, Isaac"]
[Black "Nguyen, Trung"]
[Result "1-0"]
[WhiteElo "2127"]
[BlackElo "1041"]
[PlyCount "59"]
[EventDate "2014.06.??"]
[EventType "swiss"]
[EventRounds "9"]
[EventCountry "USA"]

1. d4 Nf6 2. c4 g6 3. Nc3 Bg7 4. e4 d6 5. Nf3 O-O 6. Bg5 h6 7. Bh4 c5 8. Be2
cxd4 9. Nxd4 Nc6 10. O-O Bd7 11. Nc2 Rc8 12. Qd2 Kh7 13. Rac1 Ne5 14. Ne3 Bc6
15. f3 b6 16. Ncd5 Ned7 17. Rfe1 Bb7 18. Rcd1 Nxd5 19. exd5 Nf6 20. Bd3 Re8 21.
f4 Qd7 22. h3 e6 23. Bxf6 Bxf6 24. Ng4 Bg7 25. dxe6 fxe6 26. Bxg6+ Kxg6 27.
Qc2+ Kf7 28. Qh7 Rh8 29. Ne5+ Ke8 30. Qg6+ 1-0

[Event "DC International 2014"]
[Site "Arlington, VA"]
[Date "2014.06.27"]
[Round "4.1"]
[White "Kore, Akshayraj"]
[Black "Azarov, Sergei"]
[Result "0-1"]
[WhiteElo "2482"]
[BlackElo "2610"]
[PlyCount "86"]
[EventDate "2014.06.??"]
[EventType "swiss"]
[EventRounds "9"]
[EventCountry "USA"]
[WhiteClock "0:34:23"]
[BlackClock "0:13:45"]

1. g3 d5 2. Bg2 c6 3. Nf3 Bg4 4. d3 Nd7 5. Nbd2 e6 6. O-O Bd6 7. Qe1 Ne7 8. b3
O-O 9. Bb2 a5 10. a3 b5 11. e4 Re8 12. Nh4 e5 13. f4 exf4 14. gxf4 Ng6 15. Nxg6
hxg6 16. Qg3 Bh5 17. e5 Be7 18. Nf3 Nf8 19. h4 a4 20. b4 c5 21. bxc5 Bxc5+ 22.
d4 Be7 23. Ng5 f6 24. Nf3 b4 25. Ne1 fxe5 26. fxe5 Bxh4 27. Qf4 Ne6 28. Qd2 Bg5
29. Qd3 Nf4 30. Rxf4 Bxf4 31. axb4 Rf8 32. Bc1 Bxc1 33. Rxc1 Qg5 34. Ra1 Rf4
35. e6 Raf8 36. e7 Qxe7 37. Bxd5+ Kh8 38. Ng2 Qg5 39. c4 Qg4 40. Rxa4 Rxd4 41.
Qa3 Qd1+ 42. Kh2 Qc2 43. Ra8 Rh4+ 0-1

[Event "DC International 2014"]
[Site "Arlington, VA"]
[Date "2014.06.27"]
[Round "4.2"]
[White "Kannappan, Priyadharshan"]
[Black "Paragua, Mark"]
[Result "1-0"]
[WhiteElo "2443"]
[BlackElo "2510"]
[PlyCount "141"]
[EventDate "2014.06.??"]
[EventType "swiss"]
[EventRounds "9"]
[EventCountry "USA"]
[WhiteClock "0:08:48"]
[BlackClock "0:00:22"]

1. e4 c5 2. b3 Nc6 3. Bb2 e6 4. Nf3 Qc7 5. c4 a6 6. g3 Nf6 7. e5 Ng4 8. Qe2 d6
9. exd6 Qxd6 10. Bg2 Nf6 11. O-O Be7 12. Na3 O-O 13. Nc2 b6 14. d4 Bb7 15. Rad1
cxd4 16. Ncxd4 Nxd4 17. Bxd4 Qc7 18. Qe5 Bd6 19. Qe3 Bc5 20. Bxc5 bxc5 21. Rd3
Be4 22. Rd2 a5 23. g4 h6 24. h4 Qb7 25. g5 Ng4 26. Qf4 f5 27. Rfd1 h5 28. Rd7
Qb8 29. Qxb8 Raxb8 30. Ne1 Bxg2 31. Kxg2 a4 32. Ra7 Ra8 33. Rc7 Rf7 34. Rxc5
axb3 35. axb3 Ra2 36. Rd8+ Rf8 37. Rxf8+ Kxf8 38. Rc8+ Ke7 39. Rc7+ Kd6 40.
Rxg7 Nxf2 41. Kf1 Ne4 42. g6 Ke5 43. Nd3+ Kd4 44. Rd7+ Ke3 45. g7 Ng3+ 46. Kg1
Ne2+ 47. Kg2 Ra1 48. Kh2 Rg1 49. Nc1 Rg4 50. Rd3+ Ke4 51. Rh3 f4 52. Nxe2 Rxg7
53. Nc3+ Kd4 54. Rf3 e5 55. Nd5 Rb7 56. Nf6 Rb6 57. Nd5 Ra6 58. Kg2 Rg6+ 59.
Kf2 Rg4 60. Rh3 e4 61. Rh1 Rg3 62. Rd1+ Ke5 63. b4 Rh3 64. b5 e3+ 65. Ke2 Rxh4
66. b6 Rh2+ 67. Kd3 Rb2 68. Kc3 e2 69. Re1 f3 70. Kxb2 Kd4 71. Nc3 1-0

[Event "DC International 2014"]
[Site "Arlington, VA"]
[Date "2014.06.27"]
[Round "4.3"]
[White "Boros, Denes"]
[Black "Batista, Lazaro"]
[Result "1-0"]
[WhiteElo "2474"]
[BlackElo "2694"]
[PlyCount "81"]
[EventDate "2014.06.??"]
[EventType "swiss"]
[EventRounds "9"]
[EventCountry "USA"]
[WhiteClock "0:00:31"]
[BlackClock "0:00:17"]

1. e4 c5 2. Nf3 e6 3. d4 cxd4 4. Nxd4 a6 5. Nd2 d6 6. b3 Nf6 7. Bb2 g6 8. g3
Bg7 9. Bg2 O-O 10. O-O Qc7 11. Re1 Rd8 12. c4 Nbd7 13. Rc1 Nc5 14. Qe2 Bd7 15.
Nb1 Rac8 16. Nc3 Be8 17. Red1 Qb8 18. b4 Ncd7 19. Nb3 Ne5 20. c5 dxc5 21. bxc5
Rxd1+ 22. Rxd1 b5 23. f4 Nc4 24. e5 Nxb2 25. Qxb2 b4 26. Ne2 Nd5 27. Bxd5 exd5
28. Ned4 Bf8 29. Rc1 a5 30. Nxa5 Bxc5 31. Kg2 Qa8 32. Nab3 Bb6 33. f5 Rc4 34.
Qd2 Qc8 35. Rf1 Ba4 36. fxg6 hxg6 37. e6 fxe6 38. Qh6 Bxd4 39. Nxd4 Bc2 40.
Nxe6 Be4+ 41. Kg1 1-0

[Event "DC International 2014"]
[Site "Arlington, VA"]
[Date "2014.06.27"]
[Round "4.4"]
[White "Perez, Yuniesky"]
[Black "Gorovets, Andrey"]
[Result "1-0"]
[WhiteElo "2642"]
[BlackElo "2446"]
[PlyCount "171"]
[EventDate "2014.06.??"]
[EventType "swiss"]
[EventRounds "9"]
[EventCountry "USA"]
[WhiteClock "0:00:37"]
[BlackClock "0:03:13"]

1. e4 e5 2. Nf3 Nc6 3. Bb5 a6 4. Ba4 Nf6 5. O-O d6 6. Bxc6+ bxc6 7. d4 exd4 8.
Qxd4 c5 9. Qd3 Bb7 10. Nc3 Be7 11. Bf4 Nh5 12. Bd2 O-O 13. Rfe1 Re8 14. Rad1
Bf8 15. Nd5 c6 16. Nc3 Qf6 17. Bg5 Qe6 18. h3 h6 19. Bc1 g5 20. e5 d5 21. b3
Bc8 22. Na4 Rb8 23. Nh2 Qg6 24. Qxg6+ fxg6 25. Ng4 Rb4 26. f3 Be6 27. Be3 Rb5
28. Bd2 Kf7 29. Rc1 Nf4 30. Kh2 Reb8 31. Nf2 d4 32. h4 Nd5 33. hxg5 hxg5 34.
Bxg5 Nb4 35. c4 R5b7 36. Re2 a5 37. Rd1 Bf5 38. Rdd2 Bb1 39. Ne4 Bxe4 40. Rxe4
Ke6 41. Rf4 Rh7+ 42. Kg1 Rf7 43. Rxf7 Kxf7 44. g4 Ke6 45. f4 Rb7 46. Kg2 Rh7
47. a3 Na6 48. Rd3 Be7 49. Bxe7 Rxe7 50. Rh3 g5 51. Rh6+ Kd7 52. e6+ Rxe6 53.
Rxe6 Kxe6 54. fxg5 Kf7 55. Kf3 Kg6 56. Kf4 d3 57. Ke3 Kxg5 58. Kxd3 Kf4 59. Nc3
Nb8 60. g5 Nd7 61. g6 Ne5+ 62. Kc2 Nxg6 63. Na4 Ke5 64. Nxc5 Kd4 65. Ne6+ Ke5
66. Nd8 a4 67. Nxc6+ Kd6 68. Na5 axb3+ 69. Nxb3 Ne5 70. Kc3 Kc6 71. a4 Nd7 72.
Kb4 Ne5 73. Na5+ Kb6 74. c5+ Ka6 75. Nb3 Nd3+ 76. Kc3 Nf4 77. Kd4 Ne2+ 78. Kc4
Nf4 79. a5 Ne6 80. Kd5 Nc7+ 81. Kd6 Nb5+ 82. Kd7 Kb7 83. c6+ Kb8 84. Nc5 Nc7
85. Ne6 Ka7 86. Kxc7 1-0

[Event "DC International 2014"]
[Site "Arlington, VA"]
[Date "2014.06.27"]
[Round "4"]
[White "Barbosa, Oliver"]
[Black "Vigorito, David"]
[Result "1-0"]
[WhiteElo "2592"]
[BlackElo "2409"]
[PlyCount "69"]
[EventDate "2014.06.??"]
[EventType "swiss"]
[EventRounds "9"]
[EventCountry "USA"]

1. d4 d5 2. c4 c6 3. Nf3 Nf6 4. e3 Bf5 5. Nc3 a6 6. Qb3 b5 7. c5 a5 8. Ne5 a4
9. Qd1 g6 10. g4 Be6 11. Bg2 Bg7 12. f4 Qc8 13. h3 h5 14. g5 Nfd7 15. Nf3 Na6
16. O-O Bf5 17. Nh4 e6 18. e4 dxe4 19. Nxe4 Bxe4 20. Bxe4 a3 21. Rb1 axb2 22.
Bxb2 Qc7 23. a4 Rb8 24. Qe2 O-O 25. Ba1 Rfe8 26. axb5 cxb5 27. Ng2 e5 28. fxe5
Nxe5 29. dxe5 Bxe5 30. Qf3 Rbd8 31. c6 Bd4+ 32. Bxd4 Rxd4 33. Bd5 Re7 34. Rbe1
Rxe1 35. Nxe1 1-0

[Event "DC International 2014"]
[Site "Arlington, VA"]
[Date "2014.06.27"]
[Round "4"]
[White "Kaufman, Lawrence"]
[Black "Suarez, Isan"]
[Result "0-1"]
[WhiteElo "2329"]
[BlackElo "2588"]
[PlyCount "130"]
[EventDate "2014.06.??"]
[EventType "swiss"]
[EventRounds "9"]
[EventCountry "USA"]

1. d4 Nf6 2. c4 e6 3. Nc3 c5 4. d5 exd5 5. cxd5 d6 6. Nf3 g6 7. Bf4 a6 8. a4
Bg7 9. h3 O-O 10. e3 Ne8 11. Be2 Nd7 12. O-O Ne5 13. e4 Nxf3+ 14. Bxf3 Rb8 15.
Be2 Nc7 16. a5 b5 17. axb6 Rxb6 18. Qd2 Re8 19. Bd3 Bd7 20. Rfb1 Qe7 21. Na4
Bxa4 22. Rxa4 Reb8 23. b3 Bd4 24. Qa2 Kg7 25. Bg3 h5 26. Kh1 h4 27. Bh2 Nb5 28.
Bxb5 axb5 29. Rxd4 cxd4 30. f3 Rc8 31. Bg1 Rb7 32. Bxd4+ f6 33. Qf2 Rbc7 34.
Qxh4 Rc1+ 35. Rxc1 Rxc1+ 36. Kh2 Rd1 37. Qf2 Qc7 38. Qb2 Qc1 39. Bxf6+ Kf7 40.
Qxc1 Rxc1 41. Bg5 Rb1 42. Bf4 Ke7 43. Bg5+ Kd7 44. g4 Rxb3 45. Kg3 b4 46. h4
Rb1 47. Bf6 b3 48. Kf4 Ke8 49. Kg5 Kf7 50. f4 Rd1 51. Bc3 Rd3 52. Bh8 Rd2 53.
h5 gxh5 54. gxh5 Rg2+ 55. Kf5 Rg7 56. e5 b2 57. e6+ Kg8 58. Bxg7 b1=Q+ 59. Kf6
Qb2+ 60. Ke7 Qxg7+ 61. Kxd6 Kf8 62. f5 Ke8 63. Kc6 Qc3+ 64. Kd6 Qg3+ 65. Kc6
Ke7 0-1

[Event "DC International 2014"]
[Site "Arlington, VA"]
[Date "2014.06.27"]
[Round "4"]
[White "Vidal, Yuri"]
[Black "Mandizha, Farai"]
[Result "1-0"]
[WhiteElo "2557"]
[BlackElo "2385"]
[PlyCount "43"]
[EventDate "2014.06.??"]
[EventType "swiss"]
[EventRounds "9"]
[EventCountry "USA"]

1. e4 c5 2. Nf3 a6 3. c3 d5 4. exd5 Qxd5 5. d4 Nf6 6. Be2 cxd4 7. cxd4 g6 8.
Nc3 Qd8 9. O-O Bg7 10. Bg5 O-O 11. Re1 b5 12. Ne5 Bb7 13. Bf3 Qb6 14. a4 h6 15.
a5 Qa7 16. Be3 Bxf3 17. Qxf3 Re8 18. Nd5 Nbd7 19. Nxe7+ Kh7 20. N7c6 Qb7 21.
Nxf7 Re6 22. Ng5+ 1-0

[Event "DC International 2014"]
[Site "Arlington, VA"]
[Date "2014.06.27"]
[Round "4"]
[White "Sapozhnikov, Roman"]
[Black "Ippolito, Dean"]
[Result "1-0"]
[WhiteElo "2298"]
[BlackElo "2430"]
[PlyCount "119"]
[EventDate "2014.06.??"]
[EventType "swiss"]
[EventRounds "9"]
[EventCountry "USA"]

1. e4 e5 2. Nf3 Nf6 3. Nxe5 d6 4. Nf3 Nxe4 5. Nc3 Nxc3 6. dxc3 Be7 7. Be3 O-O
8. Qd2 Nd7 9. O-O-O Ne5 10. Nxe5 dxe5 11. Bd3 Be6 12. Qe2 Bd6 13. c4 Qe7 14. g4
Rad8 15. h4 f6 16. Be4 Kh8 17. Kb1 c6 18. c3 Qf7 19. b3 b5 20. Rxd6 Rxd6 21.
Bc5 Rfd8 22. Bxd6 Rxd6 23. c5 Rd8 24. Rd1 Bd5 25. Kc1 Rd7 26. Bf5 Rb7 27. h5 g6
28. hxg6 hxg6 29. Bc2 Qg7 30. Qe3 Qh7 31. g5 Kg7 32. gxf6+ Kxf6 33. Rg1 Rg7 34.
Qg5+ Kf7 35. Qxe5 Qh5 36. Bxg6+ Qxg6 37. Rxg6 Rxg6 38. Qf5+ Rf6 39. Qd7+ Kg6
40. Qg4+ Kf7 41. f4 Be6 42. Qh5+ Kg7 43. Qe5 Kg6 44. Qc7 Bd5 45. Kd2 a6 46. Kd3
Re6 47. c4 bxc4+ 48. bxc4 Bf3 49. Kc3 Be2 50. Kb4 Kf5 51. Qf7+ Rf6 52. Qh7+ Rg6
53. Qe7 Bf3 54. Qe5+ Kg4 55. Ka5 Bg2 56. Kxa6 Bh3 57. f5 Rg5 58. Qe4+ Kh5 59.
f6 Rf5 60. Qxf5+ 1-0